000 00300nam a22001337a 4500
008 181105b xxu||||| |||| 00| 0 eng d
020 _a9780312637989
041 _aeng
080 _29th
_a371
100 _a46
101 _aEDU
245 _aYour College Experience
_cGardner,J.N
942 _2udc
_cBK
999 _c51784
_d51784